00910nam a2200229 a 4500001001000000003000500010005001700015008004100032010001100073011001100084040000900095100002700104245015600131260004100287500006000328502010900388650002000497650003900517650002200556650003200578856007000610000109685CHAP20220329144100.0140520s2014 mx sm |||||||spa d a106147 a107119 cCHAP1 aCruz Valencia, Pédro10aCaracterización de las prácticas de mantenimiento en campos de golf y su impacto en el manejo fitosanitarioh[En línea]cpor Pedro Cruz Valencia. aChapingo, Méx. :bEl autor,c2014. aPara ver el contenido del material haga clic en la liga aTesis (Ing. Agr. Esp. en Parasitología Agrícola) -- UACH. Departamento de Parasitología Agrícola14aCampos de golf.14aCéspedxEnfermedades por hongos.14aCéspedxPlagas.14aManejo integrado de plagas. aFinding aiduhttp://10.13.5.2/tesis/sist109685.pdfzTeclea aquí